| 000 | 00745cam a2200205 a 4500 | ||
|---|---|---|---|
| 999 |
_c7842 _d7842 |
||
| 001 | 22538 | ||
| 003 | AuCNLKIN | ||
| 005 | 20171018140622.0 | ||
| 008 | 111103s1955 enk 000 0 eng d | ||
| 020 | _a0000000000 | ||
| 035 | _a(OCoLC)270742597 | ||
| 040 |
_aSHS _beng _cSHS _dEUX _dOCLCQ _dOCoLC _dNSL |
||
| 050 | 4 | _aG126 | |
| 082 | _a910 | ||
| 100 | 1 |
_aUnstead, J. F. _q(John Frederick), _db. 1876. |
|
| 245 | 1 | 2 |
_aA world survey : _bfrom the human aspect / _cby J. F. Unstead. |
| 250 | _a[4th ed.] | ||
| 260 |
_aLondon : _bUniversity of London Press, _c[1955]. |
||
| 300 |
_a452 p. : _bill., ports., maps ; _c22 cm. |
||
| 490 | 1 |
_aA systematic regional geography. A post-maticulation course ; _vv. 3. |
|
| 650 | 0 | _aHuman geography. | |
| 830 | 0 |
_aSystematic regional geography. _pA post maticulation course ; _vv. 3. |
|
| 942 |
_2ddc _cCIRC |
||